Dianética : (Registro nro. 6835)
[ vista simple ]
| 000 -LEADER | |
|---|---|
| fixed length control field | 00971cam a2200277 a 4500 |
| 003 - CONTROL NUMBER IDENTIFIER | |
| control field | OSt |
| 005 - DATE AND TIME OF LATEST TRANSACTION | |
| control field | 20200909124830.0 |
| 008 - FIXED-LENGTH DATA ELEMENTS--GENERAL INFORMATION | |
| fixed length control field | 080602t 2007caua r 001 0 spa d |
| 020 ## - INTERNATIONAL STANDARD BOOK NUMBER | |
| International Standard Book Number | 9781403144720 |
| 040 ## - CATALOGING SOURCE | |
| Original cataloging agency | CO-BoPUJ |
| Transcribing agency | CO-JMCR |
| 041 1# - LANGUAGE CODE | |
| Language code of text/sound track or separate title | spa |
| Language code of summary or abstract | eng |
| 082 04 - DEWEY DECIMAL CLASSIFICATION NUMBER | |
| Classification number | 299.936 |
| Item number | H875d |
| Edition number | 21 |
| 100 1# - MAIN ENTRY--PERSONAL NAME | |
| Personal name | Hubbard, Lafayette Ronald |
| Relator term | autor |
| 9 (RLIN) | 10031 |
| 245 10 - TITLE STATEMENT | |
| Title | Dianética : |
| Remainder of title | la evolución de una ciencia / |
| Statement of responsibility, etc. | Lafayette Ronald Hubbard |
| 260 ## - PUBLICATION, DISTRIBUTION, ETC. | |
| Place of publication, distribution, etc. | Los Ángeles, California : |
| Name of publisher, distributor, etc. | Bridge publications, |
| Date of publication, distribution, etc. | 2007. |
| 300 ## - PHYSICAL DESCRIPTION | |
| Extent | 213 páginas : |
| Other physical details | ilustraciones a blanco y negro ; |
| Dimensions | 30 cm. |
| 504 ## - BIBLIOGRAPHY, ETC. NOTE | |
| Bibliography, etc. note | Incluye glosario e índice. |
| 505 0# - FORMATTED CONTENTS NOTE | |
| Formatted contents note | La máquina computadora óptima. -- La construcción de una ciencia de la mente |
| 534 ## - ORIGINAL VERSION NOTE | |
| Title statement of original | Dianetics : the evolution of a science. |
| 650 14 - SUBJECT ADDED ENTRY--TOPICAL TERM | |
| Topical term or geographic name entry element | Cienciología |
| 9 (RLIN) | 7018 |
| 650 24 - SUBJECT ADDED ENTRY--TOPICAL TERM | |
| Topical term or geographic name entry element | Dianética |
| 9 (RLIN) | 10032 |
| 650 24 - SUBJECT ADDED ENTRY--TOPICAL TERM | |
| Topical term or geographic name entry element | Salud mental |
| 9 (RLIN) | 10033 |
| 650 24 - SUBJECT ADDED ENTRY--TOPICAL TERM | |
| Topical term or geographic name entry element | Cienciología |
| 9 (RLIN) | 7018 |
| 650 24 - SUBJECT ADDED ENTRY--TOPICAL TERM | |
| Topical term or geographic name entry element | Mente y cuerpo |
| 9 (RLIN) | 10034 |
| 942 ## - ADDED ENTRY ELEMENTS (KOHA) | |
| Source of classification or shelving scheme | Dewey Decimal Classification |
| Koha item type | Books |
| Withdrawn status | Lost status | Source of classification or shelving scheme | Damaged status | Not for loan | Home library | Current library | Shelving location | Date acquired | Source of acquisition | Total Checkouts | Full call number | Barcode | Date last seen | Date last checked out | Copy number | Price effective from | Koha item type |
|---|---|---|---|---|---|---|---|---|---|---|---|---|---|---|---|---|---|
| Dewey Decimal Classification | Biblioteca Pública José María del Castillo y Rada | Biblioteca Pública José María del Castillo y Rada | General Stacks | 09/09/2020 | Donación | 2 | 299.936 / H875d | 201809818 | 05/16/2024 | 08/28/2023 | Ej.1 | 04/15/2018 | Books |